| 000 | 00438nam a2200181 a 4500 | ||
|---|---|---|---|
| 001 | 2774 | ||
| 005 | 20180713182732.0 | ||
| 008 | 140415s1992 mx 000 0 spa d | ||
| 020 | _a9681318277 | ||
| 041 | _aspa | ||
| 082 |
_a320.5 _bGOR |
||
| 100 | 1 | _aGORBACHEV, MIJAIL | |
| 245 | 1 | 0 | _aPERESTROIKA |
| 250 | _a2a ed. | ||
| 260 |
_aMEXICO : _bDIANA, _c1992 |
||
| 300 | _a373 | ||
| 650 | 1 | 4 |
_aCIENCIAS POLITICAS _xFILOSOFIA |
| 999 |
_c2774 _d2774 |
||